| 000 | 00980nam a22003137a 4500 | ||
|---|---|---|---|
| 003 | CHAP | ||
| 005 | 20220329134248.0 | ||
| 008 | 971013s r 10010 d | ||
| 010 | _a17805 | ||
| 011 | _a18777 | ||
| 035 | _a22862 | ||
| 040 | _cCHAP | ||
| 090 | _aFolleto 1857 | ||
| 111 | 0 | 0 |
_aJornadas Agronómicas ( _n2 _d: 1961 _c: Maracay) _962142 |
| 245 | _aMemoria | ||
| 260 |
_aCaracas : _bSociedad Venezolana de Ingenieros Agrónomos, _c(s.a.) |
||
| 300 | _a63 p | ||
| 590 |
_aBATCH-UPD _b10 _c20130110 _lUCH01 _h1009 |
||
| 590 |
_aBATCH-UPD _b10 _c20130410 _lUCH01 _h0618 |
||
| 590 |
_aBATCH-UPD _b10 _c20130913 _lUCH01 _h2030 |
||
| 590 |
_aBATCH-UPD _b10 _c20140805 _lUCH01 _h1143 |
||
| 590 |
_aCONVERSION _b10 _c20130109 _lUCH01 _h1311 |
||
| 650 | 1 | 4 |
_aAgricultura _xCongresos. _91373 |
| 650 | 1 | 4 |
_aAgricultura _xInvestigación. _91577 |
| 650 | 1 | 4 |
_aAgricultura _xVenezuela. _91898 |
| 901 | _aBK | ||
| 942 | _cFOLL | ||
| 949 |
_aFolleto 1857 _bBC _cFOLL _d-53328 _eTS1 _i22862 _mD _si |
||
| 999 |
_c17805 _d17805 |
||